000 00601nam a22001937a 4500
003 OSt
005 20260527120907.0
008 260527b |||||||| |||| 00| 0 eng d
020 _a9789390166268
082 _a158.1
_bH81P
100 _aHousel, Morgan
245 _aThe Psychology of money
_b: timeless lessons on wealth, greed and happiness
_cby Morgan Housel
260 _aDelhi
_bJaico Publishing
_c2025
300 _aviii; 242p.
_bPaperback
546 _aEnglish
650 _2Philosophy & Psychology -> Applied Psychology
650 _2Personal success/self-improvement
942 _2ddc
_cBK
999 _c29520
_d29520